00934nam a2200277 i 4500001000300000003000400003005001700007008003900024015001700063040001400080041000800094080001100102080001300113080001000126100005600136245010900192250001700301260004800318300004600366504001400412655003000426650003600456655002000492700004600512856009800558bgBPK20191220094736.0030819s1975 pl a f f |000 0 pol aPB 1975/4417 aWA NcBPK0 apol a621.01 a539.3/.6 a(083)1 aNiezgodziński, Michał Edwardd(1919-2010)eAutor10aWzory, wykresy i tablice wytrzymałościowe /cMichał Edward Niezgodziński, Tadeusz Niezgodziński. aWyd. 2 popr. aWarszawa :bPańst. Wydaw. Naukowe,c1975. a297, [2] s. :bil., tab., wykr. ;c25 cm. aBibliogr. 4aPodręczniki akademickie 4aWytrzymałość materiałów 4aTablice i wzory1 aNiezgodziński, Tadeuszd(1945- )eAutor uhttp://koha.tu.koszalin.pl/cgi-bin/koha/opac-detail.pl?biblionumber=16106yKatalog online BPK